Fashion under the Occupation

Αποθηκεύτηκε σε:
Λεπτομέρειες βιβλιογραφικής εγγραφής
Κύριος συγγραφέας: Veillon, Dominique
Άλλοι συγγραφείς: Kochan, Miriam (trlf)
Μορφή: Βιβλίο
Γλώσσα:English
French
Δημοσίευση: Oxford : Berg, 2002.
Θέματα:
Ετικέτες: Προσθήκη ετικέτας
Δεν υπάρχουν, Καταχωρήστε ετικέτα πρώτοι!

MARC

LEADER 00000cam a2200000 i 4500
001 1/88286
008 080610s2002 enk| ||| |||| ||eng||
020 |a 1859735436 (hbk.) 
035 |l 10098077 
040 |a GR-MyUA  |b gre  |e AACR2 
041 1 |a eng  |h fre 
082 0 |a 391.00944  |2 (22) 
100 1 |a Veillon, Dominique. 
245 1 0 |a Fashion under the Occupation /   |c Dominique Veillon ; translated by Miriam Kochan.  
260 |a Oxford :   |b Berg,   |c 2002.  
300 |a xi, 205 σ., [4] σ. φύλλα πινάκων :   |b εικ. ;   |c 24 εκ.  
500 |a Μετάφραση από τα γαλλικά 
500 |a Τίτλος πρωτοτύπου: La mode sous l'Occupation.  
504 |a Βιβλιογραφία: σ. 153-161.  
504 |a Ευρετήριο: σ. 189-205.  
650 0 0 |a Clothing and dress  |z France  |x History  |y 20th century. 
650 0 0 |a Fashion  |z France  |x History  |y 20th century. 
651 0 |a France  |x History  |x German occupation, 1914-1918. 
700 1 |a Kochan, Miriam,  |e trlf 
852 |a INST  |b LESVOS  |e 20080610  |h 391.00944 VEI  |p 005100041616  |q 005100041616  |t BK  |y 0 
901 |a BIBL1-2008-2 
909 |a Λ  |b 143914 
922 |a 1ΕΛΗ  |b 200801  |c ΕΠΕΑΕΚ2/ΤΚΑ  |d ΠΑΠΑΣΩΤΗΡΙΟΥ 
970 |a ΚΑΡΑ  |b ΓΙΑΣΕΜΗ  |z 2008/06/10